[Event "SRB-chT 2nd League West"]
[Site "Kragujevac"]
[Date "2019.10.04"]
[Round "8.2"]
[White "Bojovic, Dusan"]
[Black "Colovic, Zoran"]
[Result "1-0"]
[WhiteElo "2236"]
[BlackElo "2174"]
[PlyCount "39"]
[EventDate "2019.09.06"]
[EventType "team-tourn"]
[EventRounds "11"]
[EventCountry "SRB"]
[SourceTitle "EXT 2020"]
[Source "ChessBase"]
[SourceDate "2019.10.17"]
[SourceVersion "1"]
[SourceVersionDate "2019.10.17"]
[SourceQuality "1"]
[WhiteTeam "Aleksandrovac"]
[BlackTeam "Razanj"]
[WhiteTeamCountry "SRB"]
[BlackTeamCountry "SRB"]

1. e4 c5 2. Nf3 Nc6 3. d4 cxd4 4. Nxd4 Nf6 5. Nc3 e5 6. Ndb5 d6 7. Bg5 a6 8. Na3 b5 9. Nd5 Qa5+ 10. Bd2 Qd8 11. Bd3 Be7 12. c4 0-0 13. 0-0 Nd4 14. cxb5 Nxd5 15. exd5 Bb7 16. bxa6 Bxd5 17. Bc3 Ne6 18. Bxh7+ Kxh7 19. Qxd5 Rxa6 20. Qd3+ 1-0

[Event "SRB-chT 2nd League West"]
[Site "Kragujevac"]
[Date "2019.10.04"]
[Round "7.2"]
[White "Colovic, Zoran"]
[Black "Vuckovic, Branko"]
[Result "1/2-1/2"]
[WhiteElo "2174"]
[BlackElo "2262"]
[PlyCount "106"]
[EventDate "2019.09.06"]
[EventType "team-tourn"]
[EventRounds "11"]
[EventCountry "SRB"]
[SourceTitle "EXT 2020"]
[Source "ChessBase"]
[SourceDate "2019.10.17"]
[SourceVersion "1"]
[SourceVersionDate "2019.10.17"]
[SourceQuality "1"]
[WhiteTeam "Razanj"]
[BlackTeam "Ivanjica"]
[WhiteTeamCountry "SRB"]
[BlackTeamCountry "SRB"]

1. e4 Nf6 2. e5 Nd5 3. d4 d6 4. Nf3 Nc6 5. c4 Nb6 6. exd6 exd6 7. Nc3 Bg4 8. Be2 Be7 9. Be3 0-0 10. h3 Bxf3 11. gxf3 f5 12. f4 Bf6 13. 0-0 Ne7 14. Rc1 c6 15. Qb3 Kh8 16. Rfd1 Rb8 17. Bf3 Nd7 18. Qa3 Qc7 19. d5 Bxc3 20. dxc6 Bxb2 21. Qxb2 bxc6 22. Qd2 Nc8 23. Bd4 Nf6 24. c5 Ne4 25. Bxe4 fxe4 26. cxd6 Qxd6 27. Be5 Qg6+ 28. Kh2 Rb7 29. Rg1 Qe6 30. Qc3 Rg8 31. Qxc6 Qxc6 32. Rxc6 Ne7 33. Rc4 Ng6 34. Rxe4 Nxe5 35. fxe5 Rb2 36. Kg3 Rxa2 37. Rd1 Ra3+ 38. Kg4 Ra6 39. Rd7 Re8 40. f4 Rg6+ 41. Kf3 Rh6 42. Rxa7 Rxh3+ 43. Kg4 Rh1 44. e6 Kg8 45. Rd4 h5+ 46. Kf5 Re1 47. Rdd7 Rf8+ 48. Rf7 h4 49. Rxf8+ Kxf8 50. Ra8+ Ke7 51. Ra7+ Kf8 52. Rf7+ Kg8 53. Ra7 Kf8 1/2-1/2

[Event "SRB Central-ch op-B 9th"]
[Site "Paracin"]
[Date "2016.07.13"]
[Round "8"]
[White "Colovic, Zoran"]
[Black "Trifunovic, Borisav"]
[Result "0-1"]
[WhiteElo "2099"]
[BlackElo "2023"]
[PlyCount "122"]
[EventDate "2016.07.07"]
[EventType "swiss"]
[EventRounds "9"]
[EventCountry "SRB"]
[SourceTitle "CBM 173 Extra"]
[Source "ChessBase"]
[SourceDate "2016.08.29"]
[SourceVersion "1"]
[SourceVersionDate "2016.08.29"]
[SourceQuality "1"]

1. e4 e5 2. Nf3 Nc6 3. Bc4 Bc5 4. c3 Nf6 5. d4 exd4 6. e5 d5 7. Bb5 Ne4 8. Nxd4 0-0 9. Bxc6 bxc6 10. 0-0 Ba6 11. Re1 Bb6 12. Be3 Qd7 13. f3 Nc5 14. f4 Nd3 15. Re2 c5 16. Nf3 d4 17. Bf2 Nxf4 18. Re4 Qg4 19. Rxf4 Qxf4 20. Nbd2 dxc3 21. bxc3 c4 22. Qa4 Bb7 23. Qxc4 Qxc4 24. Nxc4 Bxf3 25. gxf3 Rfd8 26. f4 Rd3 27. Re1 Bxf2+ 28. Kxf2 Rxc3 29. Ne3 Rb8 30. Re2 h6 31. f5 Rb5 32. e6 fxe6 33. fxe6 Re5 34. Nd5 Rxe2+ 35. Kxe2 Rc5 36. Nf4 Re5+ 37. Kd3 c5 38. h4 g5 39. hxg5 hxg5 40. Nh3 g4 41. Nf4 g3 42. a4 Kg7 43. e7 Kf7 44. a5 Rxe7 45. Ng2 Ke6 46. Ne3 Rg7 47. Ng2 Rg4 48. Ke3 Ra4 49. Kf3 Rxa5 50. Kxg3 c4 51. Kf4 Re5 52. Ne3 Rxe3 53. Kxe3 Kd5 54. Kd2 Kd4 55. Kc2 a5 56. Kd1 Kc3 57. Kc1 a4 58. Kb1 Kd2 59. Kb2 c3+ 60. Ka3 c2 61. Ka2 Kd1 0-1

[Event "SRB Central-ch op-B 9th"]
[Site "Paracin"]
[Date "2016.07.12"]
[Round "7"]
[White "Ostojic, Milos R"]
[Black "Colovic, Zoran"]
[Result "1/2-1/2"]
[WhiteElo "2025"]
[BlackElo "2099"]
[PlyCount "72"]
[EventDate "2016.07.07"]
[EventType "swiss"]
[EventRounds "9"]
[EventCountry "SRB"]
[SourceTitle "CBM 173 Extra"]
[Source "ChessBase"]
[SourceDate "2016.08.29"]
[SourceVersion "1"]
[SourceVersionDate "2016.08.29"]
[SourceQuality "1"]

1. e4 c5 2. Nf3 Nc6 3. d4 cxd4 4. Nxd4 Nf6 5. Nc3 e5 6. Ndb5 d6 7. Bg5 a6 8. Na3 b5 9. Bxf6 gxf6 10. Nd5 Bg7 11. c3 0-0 12. Nc2 f5 13. exf5 Bxf5 14. Nce3 Be6 15. Bd3 f5 16. 0-0 Ra7 17. a4 bxa4 18. Rxa4 a5 19. f4 e4 20. Bc4 Kh8 21. Kh1 Bd7 22. Ra2 Be6 23. Qd2 Ne7 24. Nxe7 Qxe7 25. Bxe6 Qxe6 26. Rfa1 Rfa8 27. Ra4 Kg8 28. Kg1 Ra6 29. Qd5 Qxd5 30. Nxd5 Rb8 31. b4 Kf7 32. Rxa5 Rxa5 33. bxa5 Ke6 34. Nc7+ Kd7 35. Nd5 Ke6 36. Nc7+ Kd7 1/2-1/2

[Event "SRB Central-ch op-B 9th"]
[Site "Paracin"]
[Date "2016.07.09"]
[Round "3"]
[White "Ozates, Mert"]
[Black "Colovic, Zoran"]
[Result "0-1"]
[WhiteElo "1815"]
[BlackElo "2099"]
[PlyCount "48"]
[EventDate "2016.07.07"]
[EventType "swiss"]
[EventRounds "9"]
[EventCountry "SRB"]
[SourceTitle "CBM 173 Extra"]
[Source "ChessBase"]
[SourceDate "2016.08.29"]
[SourceVersion "1"]
[SourceVersionDate "2016.08.29"]
[SourceQuality "1"]

1. e4 c5 2. Nf3 Nc6 3. d4 cxd4 4. Nxd4 Nf6 5. Nc3 e5 6. Ndb5 d6 7. Bg5 a6 8. Na3 b5 9. Nd5 Qa5+ 10. Bd2 Qd8 11. Bg5 Be7 12. Bxf6 Bxf6 13. c4 0-0 14. cxb5 Nd4 15. b6 Rb8 16. Bd3 Bb7 17. Nxf6+ Qxf6 18. 0-0 d5 19. exd5 Bxd5 20. Nc4 Nf3+ 21. Kh1 Qf4 22. g3 Qh6 23. h4 Nxh4+ 24. f3 Nxf3+ 0-1

[Event "SRB-ch sf"]
[Site "Belgrade"]
[Date "2016.03.24"]
[Round "4"]
[White "Skare, Goran"]
[Black "Colovic, Zoran"]
[Result "1/2-1/2"]
[WhiteElo "2275"]
[BlackElo "2087"]
[PlyCount "74"]
[EventDate "2016.03.21"]
[EventType "swiss"]
[EventRounds "9"]
[EventCountry "SRB"]
[SourceTitle "CBM 171 Extra"]
[Source "ChessBase"]
[SourceDate "2016.04.26"]
[SourceVersion "1"]
[SourceVersionDate "2016.04.26"]
[SourceQuality "1"]

1. d4 Nf6 2. Nf3 c5 3. e3 d6 4. c4 Nbd7 5. Nc3 g6 6. Be2 Bg7 7. 0-0 0-0 8. a4 b6 9. a5 Ba6 10. h3 Qc7 11. d5 Rfc8 12. e4 bxa5 13. Nd2 Rcb8 14. Qa4 Ne8 15. Qxa5 Qxa5 16. Rxa5 Nc7 17. Ra3 Nb6 18. Re1 Bd4 19. Nd1 Bc8 20. Nb3 e5 21. dxe6 Nxe6 22. Na5 Bd7 23. b3 Re8 24. Bg4 h5 25. Bxe6 Rxe6 26. Kf1 Rae8 27. Bf4 d5 28. cxd5 Nxd5 29. Bd2 Rxe4 30. Rxe4 Rxe4 31. Nc4 Bb5 32. Rxa7 Nb6 33. Nde3 Bxe3 34. Bxe3 Nxc4 35. bxc4 Rxc4 36. Kg1 Rc2 37. Ra5 Bd3 1/2-1/2

[Event "Paracin-ch"]
[Site "Paracin"]
[Date "2016.01.21"]
[Round "3"]
[White "Colovic, Zoran"]
[Black "Milosevic, Milica"]
[Result "1-0"]
[WhiteElo "2091"]
[BlackElo "1760"]
[PlyCount "45"]
[EventDate "2016.01.19"]
[EventType "swiss"]
[EventRounds "9"]
[EventCountry "SRB"]
[SourceTitle "CBM 170 Extra"]
[Source "ChessBase"]
[SourceDate "2016.02.25"]
[SourceVersion "1"]
[SourceVersionDate "2016.02.25"]
[SourceQuality "1"]

1. e4 c5 2. c3 b6 3. d4 Bb7 4. Bd3 e6 5. Nf3 Nf6 6. e5 Nd5 7. a3 cxd4 8. cxd4 Nc6 9. Nc3 Nxc3 10. bxc3 d6 11. 0-0 dxe5 12. dxe5 Bc5 13. Qe2 0-0 14. Rd1 Qc7 15. Bxh7+ Kh8 16. Bc2 Rfd8 17. Bg5 Be7 18. Qe4 g6 19. Qh4+ Kg8 20. Bf6 Bxf6 21. exf6 Rxd1+ 22. Rxd1 Rd8 23. Qh6 1-0

[Event "SRB-ch Central"]
[Site "Kragujevac"]
[Date "2015.03.12"]
[Round "5"]
[White "Stojanovic, Andjelija"]
[Black "Colovic, Zoran"]
[Result "1-0"]
[WhiteElo "2284"]
[BlackElo "2066"]
[PlyCount "89"]
[EventDate "2015.03.09"]
[EventType "swiss"]
[EventRounds "9"]
[EventCountry "SRB"]
[SourceTitle "CBM 165 Extra"]
[Source "ChessBase"]
[SourceDate "2015.04.21"]
[SourceVersion "1"]
[SourceVersionDate "2015.04.21"]
[SourceQuality "1"]

1. c4 Nf6 2. Nc3 g6 3. g3 Bg7 4. Bg2 d6 5. Nf3 0-0 6. 0-0 Nbd7 7. d4 c5 8. b3 a6 9. Bb2 Rb8 10. Qd2 b6 11. e4 Bb7 12. Rfe1 cxd4 13. Nxd4 Nc5 14. Nd5 e6 15. Nxf6+ Qxf6 16. Rad1 e5 17. Nc2 Rfd8 18. Nb4 Ne6 19. Nd5 Bxd5 20. cxd5 Nd4 21. f4 Rdc8 22. fxe5 dxe5 23. Bxd4 exd4 24. e5 Qf5 25. Qxd4 Re8 26. Qf4 Rxe5 27. Qxf5 Rxf5 28. d6 Rd8 29. d7 Re5 30. Rxe5 Bxe5 31. Bb7 a5 32. Bc6 Kf8 33. Kf2 h5 34. Re1 f6 35. Bb5 Ke7 36. Kf3 g5 37. Ke4 Ke6 38. Rf1 h4 39. gxh4 gxh4 40. h3 Bg3 41. Rf5 Rh8 42. Rd5 Ke7 43. Be2 Ra8 44. Bg4 Be5 45. Rd1 1-0

[Event "SRB-ch Central"]
[Site "Kragujevac"]
[Date "2015.03.09"]
[Round "1"]
[White "Tosic, Miroslav"]
[Black "Colovic, Zoran"]
[Result "1-0"]
[WhiteElo "2413"]
[BlackElo "2066"]
[PlyCount "59"]
[EventDate "2015.03.09"]
[EventType "swiss"]
[EventRounds "9"]
[EventCountry "SRB"]
[SourceTitle "CBM 165 Extra"]
[Source "ChessBase"]
[SourceDate "2015.04.21"]
[SourceVersion "1"]
[SourceVersionDate "2015.04.21"]
[SourceQuality "1"]

1. d4 Nf6 2. c3 d5 3. Bf4 e6 4. e3 Be7 5. Nd2 c6 6. Bd3 Nbd7 7. g4 h6 8. h4 Nb6 9. Qf3 Na4 10. g5 Nxb2 11. Bc2 Nd7 12. Ne2 hxg5 13. hxg5 Rxh1+ 14. Qxh1 b5 15. Rb1 Nc4 16. Nxc4 bxc4 17. Ba4 e5 18. Bxc6 exf4 19. Bxa8 fxe3 20. f4 Qa5 21. Bxd5 Qxa2 22. Rd1 Nb6 23. Bc6+ Kd8 24. Qe4 Bg4 25. Qxe3 Bxe2 26. Rd2 Qa3 27. Rxe2 Bd6 28. Kf2 Kc7 29. Bf3 Nc8 30. Qe8 1-0

[Event "SRB Central-ch op-B 7th"]
[Site "Paracin"]
[Date "2014.07.11"]
[Round "9"]
[White "Mirkovic, Dejan"]
[Black "Colovic, Zoran"]
[Result "0-1"]
[WhiteElo "1842"]
[BlackElo "2088"]
[PlyCount "95"]
[EventDate "2014.07.04"]
[EventType "swiss"]
[EventRounds "9"]
[EventCountry "SRB"]
[SourceTitle "CBM 161 Extra"]
[Source "ChessBase"]
[SourceDate "2014.08.29"]
[SourceVersion "1"]
[SourceVersionDate "2014.08.29"]
[SourceQuality "1"]

1. e4 c5 2. Nf3 Nc6 3. d4 cxd4 4. Nxd4 Nf6 5. Nc3 e5 6. Ndb5 d6 7. Bg5 a6 8. Bxf6 gxf6 9. Na3 b5 10. Nd5 Bg7 11. c3 0-0 12. Bd3 Be6 13. Qh5 h6 14. Nc2 f5 15. f3 Ra7 16. Ncb4 Nxb4 17. Nxb4 Qb6 18. Nc2 Bc4 19. Be2 f4 20. Qh4 f5 21. Qf2 Qxf2+ 22. Kxf2 fxe4 23. fxe4 d5 24. Bxc4 bxc4 25. exd5 Rb7 26. Kf3 Rxb2 27. Na3 e4+ 28. Kxe4 Re2+ 29. Kf3 Re3+ 30. Kg4 Rxc3 31. Rac1 Rxa3 32. Rxc4 Rxa2 33. Rd1 Rxg2+ 34. Kf3 Rxh2 35. d6 Rh3+ 36. Kf2 f3 37. d7 Rh2+ 38. Kg1 Rg2+ 39. Kf1 Rd8 40. Re4 Re2 41. Ra4 Re7 42. Rd3 Rexd7 43. Rxf3 Rd6 44. Kf2 Rf8 45. Kg3 Bd4 46. Raa3 Rff6 47. Kg4 Kf7 48. Rad3 0-1

[Event "SRB Central-ch op-B 7th"]
[Site "Paracin"]
[Date "2014.07.10"]
[Round "8"]
[White "Colovic, Zoran"]
[Black "Maksimovic, Bojan"]
[Result "1/2-1/2"]
[WhiteElo "2088"]
[BlackElo "1745"]
[PlyCount "192"]
[EventDate "2014.07.04"]
[EventType "swiss"]
[EventRounds "9"]
[EventCountry "SRB"]
[SourceTitle "CBM 161 Extra"]
[Source "ChessBase"]
[SourceDate "2014.08.29"]
[SourceVersion "1"]
[SourceVersionDate "2014.08.29"]
[SourceQuality "1"]

1. e4 c5 2. c3 Nf6 3. e5 Nd5 4. Nf3 e6 5. Bc4 Nb6 6. Bb3 Nc6 7. d4 cxd4 8. cxd4 d6 9. exd6 Bxd6 10. 0-0 0-0 11. Nc3 Nd5 12. Bg5 Be7 13. Be3 Nxe3 14. fxe3 b6 15. Rc1 Bb7 16. d5 exd5 17. Nxd5 Bc5 18. Nd4 Ne7 19. Rxc5 bxc5 20. Nxe7+ Qxe7 21. Nf5 Qe4 22. Qe2 Rad8 23. Bc2 Qe6 24. Qg4 g6 25. Bb3 Qe4 26. Qg5 Rd7 27. Nh6+ Kg7 28. Nf5+ Kg8 29. h4 Qxg2+ 30. Qxg2 Bxg2 31. Kxg2 gxf5 32. Rxf5 Rd2+ 33. Kf3 Rxb2 34. Rxc5 Rb1 35. Rg5+ Kh8 36. Ra5 Ra8 37. Bd5 Rd8 38. e4 Rd7 39. Kf4 Kg7 40. Ra3 Kf6 41. Ra6+ Kg7 42. h5 h6 43. Ra3 Rg1 44. Rh3 Rg5 45. Bb3 Re7 46. Rh1 a5 47. Rh2 Rc7 48. Ke3 Re7 49. Kf4 Rge5 50. Bd5 Rg5 51. Bb3 Kf6 52. Ke3 Rge5 53. Bc2 Kg5 54. Rg2+ Kxh5 55. Kf4 Rg5 56. Rd2 Kg6 57. Rd6+ Re6 58. Rd7 Rge5 59. Rd5 Kf6 60. Rd8 Re8 61. Rd7 Rc5 62. Bb3 Re7 63. Rd6+ Kg7 64. Bd5 h5 65. Rb6 Rc3 66. Rb1 h4 67. Rg1+ Rg3 68. Rh1 Rg6 69. Rxh4 Rf6+ 70. Ke3 Rh6 71. Rf4 Rf6 72. Rh4 Rh6 73. Rf4 Rf6 74. Rg4+ Rg6 75. Rh4 f5 76. Kd4 Rg4 77. Rxg4+ fxg4 78. Ke3 Kg6 79. Kf4 Kh5 80. e5 g3 81. Kf5 Rg7 82. e6 Rg5+ 83. Kf6 g2 84. Bxg2 Rxg2 85. e7 Rf2+ 86. Kg7 Re2 87. Kf7 Rf2+ 88. Kg7 Re2 89. Kf7 Kg5 90. e8Q Rxe8 91. Kxe8 Kf6 92. Kd7 Ke5 93. Kc6 a4 94. a3 Ke6 95. Kb5 Kd6 96. Kxa4 Kc7 1/2-1/2

[Event "SRB Central-ch op-B 7th"]
[Site "Paracin"]
[Date "2014.07.07"]
[Round "4"]
[White "Colovic, Zoran"]
[Black "Nikolovski, Nikola"]
[Result "0-1"]
[WhiteElo "2088"]
[BlackElo "2017"]
[PlyCount "78"]
[EventDate "2014.07.04"]
[EventType "swiss"]
[EventRounds "9"]
[EventCountry "SRB"]
[SourceTitle "CBM 161 Extra"]
[Source "ChessBase"]
[SourceDate "2014.08.29"]
[SourceVersion "1"]
[SourceVersionDate "2014.08.29"]
[SourceQuality "1"]

1. e4 c5 2. Nf3 d6 3. d4 cxd4 4. Nxd4 Nf6 5. Nc3 Nc6 6. Bg5 e6 7. Ndb5 a6 8. Na3 b5 9. Naxb5 axb5 10. Bxb5 Bd7 11. a4 Be7 12. 0-0 Qc7 13. h3 0-0 14. Qe2 Rfc8 15. Rfd1 Ne5 16. f4 Bxb5 17. Nxb5 Qc5+ 18. Kh2 Ng6 19. c3 h6 20. Bxf6 Nxf4 21. Qf3 Bxf6 22. g3 Ng6 23. Nxd6 Rcb8 24. Nb5 Ne5 25. Qe2 g5 26. b4 Qc6 27. Rf1 Kg7 28. Qf2 Be7 29. Qd4 f6 30. Qe3 Rd8 31. Nd4 Qc4 32. a5 Bxb4 33. Nxe6+ Qxe6 34. cxb4 Rd3 35. Qe2 Rad8 36. Rad1 Qc4 37. Rxd3 Rxd3 38. Qf2 Rd2 39. Qxd2 Qxf1 0-1

[Event "SRB Central-ch op"]
[Site "Vrnjacka Banja"]
[Date "2014.03.20"]
[Round "6"]
[White "Zivkovic, Nemanja"]
[Black "Colovic, Zoran"]
[Result "1-0"]
[WhiteElo "2290"]
[BlackElo "2102"]
[PlyCount "93"]
[EventDate "2014.03.17"]
[EventType "swiss"]
[EventRounds "9"]
[EventCountry "SRB"]
[SourceTitle "CBM 159 Extra"]
[Source "ChessBase"]
[SourceDate "2014.04.24"]
[SourceVersion "1"]
[SourceVersionDate "2014.04.24"]
[SourceQuality "1"]

1. e4 c5 2. Nf3 Nc6 3. c3 d5 4. d3 dxe4 5. dxe4 Qxd1+ 6. Kxd1 Bg4 7. Bf4 e5 8. Be3 Nf6 9. Nbd2 Be7 10. Bb5 0-0-0 11. Kc2 Nd7 12. Nc4 f6 13. a4 Kc7 14. a5 Be6 15. Nfd2 Rhe8 16. f3 Bf8 17. Bf2 a6 18. Ba4 g6 19. Ne3 Bh6 20. Nd5+ Kb8 21. Nc4 Rf8 22. Ra3 f5 23. Bg3 fxe4 24. fxe4 Bf4 25. Rb3 Ka7 26. Bh4 Rc8 27. Nd6 Nxa5 28. Nxc8+ Rxc8 29. Bxd7 Bxd7 30. Nb6 Nxb3 31. Nxc8+ Bxc8 32. Kxb3 Bg4 33. Bg3 b5 34. Bxf4 exf4 35. Kc2 Kb6 36. b4 c4 37. Kd2 a5 38. bxa5+ Kxa5 39. Ra1+ Kb6 40. Ra8 Kc5 41. Rf8 g5 42. Rg8 h6 43. h4 f3 44. gxf3 Bxf3 45. hxg5 Bxe4 46. gxh6 b4 47. Rg5+ 1-0

[Event "SRB Central-ch op-A 6th"]
[Site "Paracin"]
[Date "2013.07.12"]
[Round "9"]
[White "Isak, Igor G"]
[Black "Colovic, Zoran"]
[Result "1-0"]
[WhiteElo "2053"]
[BlackElo "2112"]
[PlyCount "112"]
[EventDate "2013.07.05"]
[EventType "swiss"]
[EventRounds "9"]
[EventCountry "SRB"]
[SourceTitle "EXT 2014"]
[Source "ChessBase"]
[SourceDate "2013.11.20"]
[SourceVersion "1"]
[SourceVersionDate "2013.11.20"]
[SourceQuality "1"]

1. e4 c5 2. Nc3 Nc6 3. f4 e6 4. Nf3 a6 5. g3 d5 6. d3 Nf6 7. e5 Nd7 8. Bg2 b5 9. Ne2 g6 10. Be3 Bb7 11. d4 c4 12. 0-0 Ne7 13. g4 Nb6 14. Ng3 Qd7 15. f5 Nc6 16. fxe6 fxe6 17. Bg5 Be7 18. Bf6 Rf8 19. g5 0-0-0 20. c3 Rde8 21. h4 b4 22. Ne2 a5 23. Bh3 Bd8 24. Rb1 Ne7 25. Nf4 Nc6 26. Nh2 Kb8 27. Ng4 Bc7 28. Qc2 Bc8 29. Nh6 Na7 30. h5 gxh5 31. Nxh5 Nb5 32. Ng7 bxc3 33. bxc3 Qc6 34. a4 Na3 35. Rxb6+ Qxb6 36. Qa2 Qb3 37. Ra1 Qxc3 38. Qxa3 Qxd4+ 39. Kh1 Qe4+ 40. Bg2 Qh4+ 41. Qh3 Qd4 42. Rb1+ Ka8 43. Nxe8 Rxe8 44. Rc1 Bxe5 45. Bxe5 Qxe5 46. Rxc4 Bb7 47. Rc5 Kb8 48. Qh2 Qxh2+ 49. Kxh2 Re7 50. Kg3 Ka7 51. Rxa5+ Kb6 52. Rb5+ Kc6 53. Ng4 Kd6 54. a5 Bc6 55. Rb6 e5 56. Ne3 e4 1-0

[Event "SRB Central-ch op-A 6th"]
[Site "Paracin"]
[Date "2013.07.11"]
[Round "8"]
[White "Colovic, Zoran"]
[Black "Todorovic, Radisa J"]
[Result "1-0"]
[WhiteElo "2112"]
[BlackElo "1960"]
[PlyCount "51"]
[EventDate "2013.07.05"]
[EventType "swiss"]
[EventRounds "9"]
[EventCountry "SRB"]
[SourceTitle "CBM 155 Extra"]
[Source "ChessBase"]
[SourceDate "2013.08.26"]
[SourceVersion "1"]
[SourceVersionDate "2013.08.26"]
[SourceQuality "1"]

1. e4 e6 2. d4 d5 3. Nc3 Nf6 4. Bg5 Be7 5. e5 Nfd7 6. h4 Bxg5 7. hxg5 Qxg5 8. Nh3 Qe7 9. Nf4 c6 10. a3 a6 11. Bd3 Nf8 12. Nh5 Rg8 13. Qg4 Ng6 14. Ne2 Nd7 15. Nef4 Ndf8 16. Nxg7+ Rxg7 17. Nh5 Kd8 18. Nxg7 f5 19. exf6 Qxf6 20. Nh5 Qf7 21. 0-0-0 Kc7 22. Qg3+ Kb6 23. Qg5 Bd7 24. Nf6 e5 25. dxe5 Ne6 26. Bxg6 1-0

[Event "SRB Central-ch op-A 6th"]
[Site "Paracin"]
[Date "2013.07.09"]
[Round "5"]
[White "Banovic, Ivan"]
[Black "Colovic, Zoran"]
[Result "1-0"]
[WhiteElo "2188"]
[BlackElo "2112"]
[PlyCount "153"]
[EventDate "2013.07.05"]
[EventType "swiss"]
[EventRounds "9"]
[EventCountry "SRB"]
[SourceTitle "CBM 155 Extra"]
[Source "ChessBase"]
[SourceDate "2013.08.26"]
[SourceVersion "1"]
[SourceVersionDate "2013.08.26"]
[SourceQuality "1"]

1. d4 c5 2. d5 Nf6 3. c4 d6 4. Nc3 g6 5. e4 b5 6. cxb5 a6 7. Nf3 Nbd7 8. bxa6 Bg7 9. Bd3 0-0 10. 0-0 Bxa6 11. h3 c4 12. Bc2 Nc5 13. Be3 Nfd7 14. Bd4 f6 15. Re1 Qc7 16. b4 cxb3 17. axb3 Rfb8 18. Rb1 Ne5 19. Bxe5 fxe5 20. Qd2 Rf8 21. b4 Nd7 22. Bd3 Bc8 23. Rec1 Nb6 24. Nb5 Qd8 25. Be2 Rf4 26. Qe3 Bd7 27. Nc7 Rb8 28. Ng5 Bh6 29. Nge6 Bxe6 30. Nxe6 Qe8 31. Rc7 Nxd5 32. exd5 Rfxb4 33. Rxb4 Bxe3 34. Rxb8 Qxb8 35. fxe3 Kf7 36. Kh2 e4 37. Bc4 Kf6 38. Rc6 Qb2 39. Rc8 Qc3 40. Nd4 Qxe3 41. Rf8+ Kg7 42. Ne6+ Kh6 43. Rf4 Qe1 44. Be2 e3 45. Re4 g5 46. Rxe3 Qd2 47. Re4 Qxd5 48. Bf3 Qf5 49. Re2 d5 50. Bg4 Qf6 51. Re1 Kg6 52. Kh1 Qf2 53. Rd1 h5 54. Bf3 g4 55. hxg4 Qh4+ 56. Kg1 hxg4 57. Bxd5 g3 58. Bf3 Kf6 59. Nc5 Qf4 60. Ne4+ Kg7 61. Re1 Qe5 62. Kf1 Qf4 63. Ke2 Qc7 64. Rd1 Kg6 65. Ke3 Qe5 66. Rc1 Qa5 67. Rc5 Qe1+ 68. Kf4 Qg1 69. Rg5+ Kf7 70. Kxg3 Qe3 71. Re5 Qc1 72. Kg4 Qb2 73. Rf5+ Ke6 74. Kg5 Qc1+ 75. Kg6 Kd7 76. Rd5+ Ke6 77. Ng5+ 1-0

[Event "SRB Central-ch op-A 6th"]
[Site "Paracin"]
[Date "2013.07.06"]
[Round "2"]
[White "Colovic, Zoran"]
[Black "Spiric, Igor"]
[Result "0-1"]
[WhiteElo "2112"]
[BlackElo "2255"]
[PlyCount "86"]
[EventDate "2013.07.05"]
[EventType "swiss"]
[EventRounds "9"]
[EventCountry "SRB"]
[SourceTitle "CBM 155 Extra"]
[Source "ChessBase"]
[SourceDate "2013.08.26"]
[SourceVersion "1"]
[SourceVersionDate "2013.08.26"]
[SourceQuality "1"]

1. e4 e6 2. d4 b6 3. Nf3 Bb7 4. Bd3 Nf6 5. e5 Nd5 6. a3 c5 7. c3 cxd4 8. cxd4 Ba6 9. Nc3 Nxc3 10. bxc3 Qc7 11. 0-0 Qxc3 12. Bxa6 Nxa6 13. Bd2 Qc6 14. Rc1 Qb7 15. Rc3 Rc8 16. Qc2 Rxc3 17. Qxc3 Be7 18. Bg5 Bxg5 19. Nxg5 h6 20. Rc1 0-0 21. Nf3 b5 22. h3 b4 23. axb4 Nxb4 24. Rb1 a5 25. Qc5 Ra8 26. Nd2 Qc6 27. Nb3 Qxc5 28. Nxc5 Nc6 29. Nxd7 a4 30. Ra1 a3 31. Nc5 Nxd4 32. Ra2 Ra5 33. Nb7 Rb5 34. Nd6 Rb1+ 35. Kh2 Rb3 36. f4 h5 37. Nc4 Nb5 38. Rd2 Rb4 39. Nd6 Rb2 40. Rd1 Nc3 41. Rd3 a2 42. Ne8 a1Q 43. Rd8 Kh7 0-1

[Event "SRB Central-ch op-A 6th"]
[Site "Paracin"]
[Date "2013.07.05"]
[Round "1"]
[White "Nenezic, Marko"]
[Black "Colovic, Zoran"]
[Result "1-0"]
[WhiteElo "2391"]
[BlackElo "2112"]
[PlyCount "59"]
[EventDate "2013.07.05"]
[EventType "swiss"]
[EventRounds "9"]
[EventCountry "SRB"]
[SourceTitle "CBM 155 Extra"]
[Source "ChessBase"]
[SourceDate "2013.08.26"]
[SourceVersion "1"]
[SourceVersionDate "2013.08.26"]
[SourceQuality "1"]

1. Nf3 c5 2. c4 Nf6 3. Nc3 g6 4. e4 Bg7 5. d4 cxd4 6. Nxd4 Nc6 7. Be3 d6 8. Be2 0-0 9. 0-0 Nxd4 10. Bxd4 Be6 11. Qd2 Rc8 12. b3 b6 13. f4 Qd7 14. Rad1 Ne8 15. Bxg7 Nxg7 16. e5 Ne8 17. Nb5 a6 18. Nd4 dxe5 19. fxe5 Ng7 20. Qh6 Qc7 21. Rf4 Qxe5 22. Rh4 f5 23. Qxh7+ Kf7 24. Rh6 Rfe8 25. Qxg6+ Kg8 26. Qh7+ Kf8 27. Nxe6+ Nxe6 28. Rf1 Rc5 29. Bh5 Qg7 30. Rxf5+ 1-0

[Event "SRB Central-ch op"]
[Site "Pozarevac"]
[Date "2013.02.22"]
[Round "7"]
[White "Colovic, Zoran"]
[Black "Djokic, Nebojsa"]
[Result "0-1"]
[WhiteElo "2131"]
[BlackElo "2209"]
[PlyCount "80"]
[EventDate "2013.02.18"]
[EventType "swiss"]
[EventRounds "9"]
[EventCountry "SRB"]
[SourceTitle "CBM 153 Extra"]
[Source "ChessBase"]
[SourceDate "2013.04.22"]
[SourceVersion "1"]
[SourceVersionDate "2013.04.22"]
[SourceQuality "1"]

1. e4 c5 2. Nf3 Nc6 3. d4 cxd4 4. Nxd4 Nf6 5. Nc3 d6 6. Bg5 e6 7. Bb5 Bd7 8. 0-0 Be7 9. Nxc6 bxc6 10. Be2 Rb8 11. Rb1 Qa5 12. Qd2 h6 13. Bf4 e5 14. Bg3 g5 15. Rfd1 Be6 16. a3 Qc7 17. Qe3 Qb6 18. Qd2 h5 19. Qxg5 Nxe4 20. Qe3 Qxe3 21. fxe3 Nxg3 22. hxg3 d5 23. Kf2 Kd7 24. b4 h4 25. g4 Kc7 26. b5 Bxa3 27. bxc6 Rxb1 28. Rxb1 Kxc6 29. Rd1 Bc5 30. Bb5+ Kb6 31. Be2 Rd8 32. Na4+ Kc6 33. Nxc5 Kxc5 34. Rh1 a5 35. Rxh4 a4 36. g5 Ra8 37. Rh1 a3 38. Ra1 Kb4 39. Bd3 a2 40. g6 fxg6 0-1

[Event "SRB Central-ch op"]
[Site "Pozarevac"]
[Date "2013.02.20"]
[Round "4"]
[White "Sorgic, Dragan"]
[Black "Colovic, Zoran"]
[Result "1-0"]
[WhiteElo "2239"]
[BlackElo "2131"]
[PlyCount "55"]
[EventDate "2013.02.18"]
[EventType "swiss"]
[EventRounds "9"]
[EventCountry "SRB"]
[SourceTitle "CBM 153 Extra"]
[Source "ChessBase"]
[SourceDate "2013.04.22"]
[SourceVersion "1"]
[SourceVersionDate "2013.04.22"]
[SourceQuality "1"]

1. e4 c5 2. Nf3 Nc6 3. Bb5 Nd4 4. Nxd4 cxd4 5. 0-0 a6 6. Ba4 e6 7. d3 Ne7 8. f4 Nc6 9. Nd2 b5 10. Bb3 Bb7 11. a4 Qc7 12. axb5 axb5 13. Rxa8+ Bxa8 14. Qh5 Bd6 15. Nf3 g6 16. Qh6 Bf8 17. Qg5 Bg7 18. Qxb5 0-0 19. Bd2 Rb8 20. Qg5 Nb4 21. Bxb4 Rxb4 22. f5 Bc6 23. fxg6 hxg6 24. Qe7 Bf8 25. Qh4 Bg7 26. Ng5 f5 27. exf5 Qe5 28. fxe6 1-0